000 00347pab a2200145 454500
008 180718b2002 xxu||||| |||| 00| 0 eng d
100 _aSatya Sundaram, I.
245 _aTowards sustainable development
260 _c2002
300 _ap.3-6.
362 _aDec
650 _aSustainable development
773 _aSocial Welfare
909 _a54705
999 _c54705
_d54705